000 00826nam a2200169 a 4500
020 _a9282111121 (pbk.)
082 0 0 _a385
_bEUR
_cL-18 ,P-17
245 0 0 _aReport of the international seminar held in Hanover, Federal Republic of Germany, on 12th-14th April 1986 on the topic- high-speed traffic on the railway network of Europe.
260 _aParis, France :
_bEuropean Conference of Ministers of Transport ;
_aWashington D.C. :
_bSales agents, OECD Publications and Information Centre,
_c1986.
300 _a123 p. :
_bmap ;
_c27 cm.
500 _aAt head of title: Economic Research Centre.
526 _a0
_b0
_c0
_d385_000000000000000_EUR
650 0 _aHigh speed ground transportation
_zEurope
_xCongresses.
_938316
650 0 _aMCE
_9379
710 2 _aEuropean Conference of Ministers of Transport.
_938317
942 _2ddc
_cBK
999 _c542943
_d542943